| 000 | 00721nam a2200229 a 4500 | ||
|---|---|---|---|
| 001 | 80258 | ||
| 003 | BD-RjUL | ||
| 005 | 20220830113350.0 | ||
| 008 | 220830s2020 bg ||||| |||| 00| 0 ben d | ||
| 020 | _a9789844360808 | ||
| 035 | _a(BD-RjUL)80258 | ||
| 040 |
_aBD-RjUL _beng _cBD-RjUL |
||
| 041 | _aben | ||
| 082 |
_223 _a891.444 _bMAB 2020 |
||
| 100 | _aমৈত্র, রণেশ | ||
| 245 |
_aবাংলাদেশ কোন পথে? / _cরণেশ মৈত্র |
||
| 260 |
_aঢাকা : _bছায়াবীথি, _c২০২০ |
||
| 300 |
_a৩৪৪ পৃ.; _c২১ সেমি. |
||
| 650 | _aবাংলা প্রবন্ধ | ||
| 650 |
_aBengali Essay _94490 |
||
| 942 |
_2ddc _cBK |
||
| 999 |
_c80258 _d80258 |
||